|
|
|
|
| LEADER |
00000nab a2200000 a 4500 |
| 001 |
vtls008623422 |
| 003 |
SK-MaSNL |
| 005 |
20260426083700.0 |
| 008 |
250505c2005 xo br|p|||an |000 b|slo |
| 015 |
|
|
|a SNBRB2006/02
|
| 035 |
|
|
|a (sysno)vtls008623422
|
| 035 |
|
|
|a urn:nbn:sk:snk-ab77eb
|
| 035 |
|
|
|a (uuid)b74a04b2-046a-411e-90e1-7f234378b578
|
| 035 |
|
|
|a (urnnbn)urn:nbn:sk:snk:ar-a073dm
|
| 038 |
|
|
|a SPK
|
| 040 |
|
|
|a SNKBUCL
|b slo
|c SNKBUCL
|e AACR2
|
| 041 |
0 |
|
|a slo
|b slo
|
| 044 |
|
|
|a xo
|c SK
|
| 080 |
|
|
|a 371.274/.276
|2 1997
|
| 080 |
|
|
|a 372.881.111.1
|2 1997
|
| 100 |
1 |
|
|a Bérešová, Jana,
|d 1959-
|4 aut
|9 27855
|
| 245 |
1 |
0 |
|a Maturitná skúška z anglického jazyka
|c Jana Bérešová
|
| 300 |
|
|
|b Grafy, tab.
|
| 504 |
|
|
|a Bibliogr. odkazy
|
| 546 |
|
|
|a Res. slov.
|
| 648 |
|
7 |
|a 2005
|2 spk
|9 305506
|
| 650 |
0 |
7 |
|a maturitné skúšky
|2 snkbucl
|9 66554
|
| 650 |
0 |
7 |
|a vyučovanie jazykov
|2 snkbucl
|9 31418
|
| 650 |
0 |
7 |
|a angličtina
|2 spk
|9 1260
|
| 650 |
0 |
7 |
|a hodnotenie žiakov
|2 spk
|9 3929
|
| 650 |
0 |
7 |
|a komparácia
|2 spk
|9 71487
|
| 773 |
0 |
|
|t Pedagogické spektrum
|g Roč. XIV, č. 9-10 (2005), s. 3
|x 1335-5589
|
| 850 |
|
|
|a Slovenská národná knižnica
|
| 852 |
|
|
|a Slovenská národná knižnica
|
| 954 |
|
|
|a odborná, vedecká literatúra pôvodná (slovenská)
|2 lita
|
| 958 |
|
|
|a article27
|
| 958 |
|
|
|a NB
|
| 958 |
|
|
|a OND
|
| 958 |
|
|
|a EUIPO
|
| 999 |
|
|
|c 2911154
|d 2913084
|